Geography Quiz

Random Geography or World Quiz

Similarly Sized Country Blitz Quiz Stats

Quiz Updated Apr 25, 2018

Challenge
Share
Tweet
Embed
Score 0/197 Timer 04:00
4 Plays Today
Country % Correct
Canada
98.5%
China
98.5%
United States
98.5%
Malaysia
97.2%
Vietnam
97.2%
Germany
97.1%
Central African Republic
96.8%
France
96.8%
Somalia
96.8%
South Sudan
96.8%
Ukraine
96.4%
Poland
96.3%
Oman
96.1%
Afghanistan
95.9%
Italy
95.8%
Cameroon
95.7%
Guinea
95.7%
United Kingdom
95.7%
Finland
95.6%
Republic of Congo
95.6%
Cote d'Ivoire
95.5%
Norway
95.5%
South Africa
95.2%
Japan
94.6%
Philippines
94.6%
New Zealand
94.6%
Zimbabwe
94.2%
Ghana
94.1%
Laos
94.1%
Romania
94.1%
Angola
94.1%
Mali
94.1%
Madagascar
94%
Turkmenistan
93.9%
Gabon
93.9%
Iceland
93.6%
Morocco
93.6%
Guatemala
93.6%
Sweden
93.6%
Uzbekistan
93.6%
North Korea
93.4%
Benin
93.2%
Bulgaria
93.2%
Honduras
93.2%
Liberia
93.2%
Uganda
93.1%
Iraq
93%
Chad
92.7%
Peru
92.7%
Niger
92.7%
Portugal
92.7%
Cuba
92.5%
Myanmar
92.5%
Australia
92.2%
Brazil
92.2%
Paraguay
91.8%
Chile
91.4%
Mozambique
91.4%
Namibia
91.4%
Pakistan
91.4%
Turkey
91.4%
Zambia
91.4%
Papua New Guinea
91.3%
Serbia
90.9%
Ecuador
90.6%
Azerbaijan
90.5%
Country % Correct
Austria
90.5%
Sierra Leone
90.3%
Indonesia
90.2%
Sudan
90.2%
Mexico
90%
Hungary
89.9%
Equatorial Guinea
89.8%
Eritrea
89.7%
Malawi
89.7%
Yemen
89.6%
United Arab Emirates
89.5%
Colombia
89.4%
Jordan
89.4%
Burundi
89.1%
Albania
88.4%
Solomon Islands
88.4%
Saudi Arabia
88%
Czechia
87.9%
Spain
87.8%
Thailand
87.8%
Egypt
87.6%
Burkina Faso
87.4%
Georgia
87.2%
Ireland
87.2%
Armenia
87%
Belgium
87%
Lesotho
87%
South Korea
86.4%
Russia
86%
Libya
85.7%
Denmark
85.2%
Haiti
84.5%
Botswana
84.4%
Kenya
84.4%
Panama
83.7%
Tanzania
83.7%
Venezuela
83.7%
Algeria
83.4%
Democratic Republic of Congo
83.4%
Bolivia
83.2%
Ethiopia
83.2%
Nigeria
82%
Lithuania
81.2%
Sri Lanka
81.2%
Estonia
81%
Iran
80.9%
Nicaragua
80.3%
Latvia
79.9%
Mauritania
79.6%
Greece
79.5%
Slovenia
78.5%
Netherlands
78.4%
Switzerland
78.4%
Cambodia
78.2%
Rwanda
78.2%
Bangladesh
78.1%
Tajikistan
78.1%
Gambia
78.1%
Bhutan
77.3%
El Salvador
76.8%
Argentina
76.8%
Kazakhstan
76.8%
Uruguay
75.8%
Kyrgyzstan
75.4%
Senegal
75.4%
Belize
75.2%
Country % Correct
Andorra
74.9%
Antigua and Barbuda
74.9%
Barbados
74.9%
Palau
74.9%
Seychelles
74.9%
Qatar
74.9%
Jamaica
74.2%
Kosovo
74.2%
Mongolia
74%
Dominican Republic
73.6%
Slovakia
73.6%
Syria
73%
Bahrain
72.7%
Dominica
72.7%
Tonga
72.7%
India
71.3%
Macedonia
70.7%
Singapore
69.9%
Vanuatu
69.9%
Israel
69.1%
Lebanon
67.6%
Vatican City
66.2%
Croatia
66.1%
Kiribati
64.5%
Moldova
63.8%
Micronesia
63.7%
Bosnia and Herzegovina
63.6%
Costa Rica
63.6%
Fiji
62.6%
Kuwait
62.6%
Swaziland
62.6%
Belarus
62.4%
Guyana
62.4%
Guinea Bissau
60.8%
Taiwan
60.8%
Suriname
60.5%
Tunisia
60.5%
Djibouti
57.9%
Malta
55.6%
Luxembourg
55.1%
Samoa
55.1%
Togo
54.6%
Bahamas
53.8%
Montenegro
53.8%
Timor-Leste
53.8%
Nepal
53.5%
Monaco
51.2%
Maldives
48%
Grenada
47.3%
San Marino
41.8%
Brunei
38.8%
Palestine
38.8%
Cyprus
37.5%
Comoros
37.2%
Mauritius
37.2%
Liechtenstein
36.2%
Nauru
35.6%
Saint Kitts and Nevis
35.5%
Saint Lucia
34.7%
Tuvalu
31.3%
Saint Vincent and the Grenadines
31%
Trinidad and Tobago
25.7%
Marshall Islands
24.6%
Cabo Verde
24%
Sao Tome and Principe
21.5%

You're not logged in!

Compare scores with friends on all Sporcle quizzes.
Join for Free
OR
Log In

You Might Also Like...

Show Comments

Extras

Top Quizzes Today


Score Distribution

Your Account Isn't Verified!

In order to create a playlist on Sporcle, you need to verify the email address you used during registration. Go to your Sporcle Settings to finish the process.

Report this User

Report this user for behavior that violates our Community Guidelines.

Details: